| 000 | 01224cam a22003377a 4500 | ||
|---|---|---|---|
| 003 | CHAP | ||
| 005 | 20220817041207.0 | ||
| 008 | 971013s1991 r 00010 d | ||
| 010 | _a8362 | ||
| 011 | _a9334 | ||
| 035 | _a8569 | ||
| 040 | _cCHAP | ||
| 082 |
_a338.14 _bS46 |
||
| 111 | 0 | 0 |
_aSeminario Las Implicaciones del Tratado de Libre Comercio entre México, Estados Unidos y Canadá en el Sector Agropecuario _d(1991 : _cMontecillo, Méx.) _9104177 |
| 245 | 0 | _aPonencias | |
| 260 |
_aMontecillo, Méx. : _bColegio de Postgraduados. Centro de Economía, _c1991 |
||
| 300 |
_a82 h. _b; gráfs. |
||
| 590 |
_aBATCH-UPD _b10 _c20130110 _lUCH01 _h1332 |
||
| 590 |
_aBATCH-UPD _b10 _c20130410 _lUCH01 _h0837 |
||
| 590 |
_aBATCH-UPD _b10 _c20130914 _lUCH01 _h1015 |
||
| 590 |
_aCONVERSION _b10 _c20130109 _lUCH01 _h1306 |
||
| 650 | 0 | 4 |
_aMéxico _xComercio _zE.U.A. |
| 650 | 1 | 4 |
_aAgricultura _xAspectos economicos _zMexico. _91312 |
| 650 | 1 | 4 |
_aComercio internacional. _925641 |
| 650 | 1 | 4 |
_aMéxico _xComercio _xCanadá. _976677 |
| 650 | 1 | 4 | _aTratado Trilateral de Libre Comercio. |
| 700 | 0 |
_aGarza Bueno, Laura E. _ecomp. _947011 |
|
| 901 | _aBK | ||
| 942 | _cLIBRO | ||
| 949 |
_a338.14 S46 _bBC _cUACH _d-18813 _eUACH _h83548 _i8569 _mD _si |
||
| 999 |
_c8362 _d8362 |
||